[Event "Hannover-ch U14"]
[Site "Stadthagen"]
[Date "2009.10.05"]
[Round "6"]
[White "Kopanski, Lorenz"]
[Black "Baeuerlein, Johannes"]
[Result "1/2-1/2"]
[WhiteElo "1569"]
[BlackElo "1129"]
[PlyCount "66"]
[EventDate "2009.10.03"]
[EventType "swiss"]
[EventRounds "7"]
[EventCountry "GER"]
[SourceTitle "EXT 2021"]
[Source "ChessBase"]
[SourceDate "2020.10.23"]
[SourceVersion "1"]
[SourceVersionDate "2020.10.23"]
[SourceQuality "1"]

1. e4 d6 2. d4 Nf6 3. Nc3 g6 4. Be3 Bg7 5. Bd3 0-0 6. f3 Nc6 7. a3 e5 8. d5 Ne7 9. Qd2 c6 10. Bc4 c5 11. Bh6 b6 12. Nge2 Bd7 13. Ng3 a6 14. Bxg7 Kxg7 15. h4 b5 16. Bb3 a5 17. a4 c4 18. Ba2 b4 19. Nd1 Qc7 20. h5 Nc8 21. hxg6 fxg6 22. Qh6+ Kf7 23. Qd2 Nb6 24. b3 Rac8 25. bxc4 Nxc4 26. Bxc4 Qxc4 27. Ne3 Qc3 28. Qxc3 Rxc3 29. Kd2 Rfc8 30. Ne2 R3c7 31. Rhb1 Nh5 32. g3 g5 33. Rf1 Kg6 1/2-1/2

[Event "Niedersachsen-ch U14"]
[Site "Rotenburg"]
[Date "2009.04.10"]
[Round "9"]
[White "Kopanski, Lorenz"]
[Black "Koch, Yannick"]
[Result "1-0"]
[WhiteElo "1847"]
[BlackElo "1072"]
[PlyCount "37"]
[EventDate "2009.04.04"]
[EventType "swiss"]
[EventRounds "9"]
[EventCountry "GER"]
[SourceTitle "EXT 2010"]
[Source "ChessBase"]
[SourceDate "2010.11.25"]
[SourceVersion "1"]
[SourceVersionDate "2010.11.25"]
[SourceQuality "1"]

1. e4 e6 2. d4 d5 3. Nd2 Be7 4. c3 c5 5. e5 Nc6 6. Ne2 Qb6 7. Nf3 Bd7 8. g3 f6 9. exf6 Nxf6 10. Bg2 Bd6 11. 0-0 0-0-0 12. dxc5 Bxc5 13. b4 Bd6 14. Be3 Qc7 15. Rb1 e5 16. b5 Ne7 17. b6 Qc6 18. bxa7 Qa6 19. Qb3 1-0

[Event "Niedersachsen-ch U14"]
[Site "Rotenburg"]
[Date "2009.04.05"]
[Round "2"]
[White "Kopanski, Lorenz"]
[Black "Manusina, Nicole"]
[Result "0-1"]
[WhiteElo "1847"]
[BlackElo "1614"]
[PlyCount "104"]
[EventDate "2009.04.04"]
[EventType "swiss"]
[EventRounds "9"]
[EventCountry "GER"]
[SourceTitle "EXT 2010"]
[Source "ChessBase"]
[SourceDate "2010.11.25"]
[SourceVersion "1"]
[SourceVersionDate "2010.11.25"]
[SourceQuality "1"]

1. e4 d5 2. exd5 Qxd5 3. Nc3 Qa5 4. Bc4 Nf6 5. d4 c6 6. Nf3 Bg4 7. 0-0 e6 8. h3 Bh5 9. Bd2 Qc7 10. Qe2 Nbd7 11. Rfe1 0-0-0 12. a3 Nb6 13. Bb3 Bxf3 14. Qxf3 Rxd4 15. Be3 Rd8 16. Rad1 Rxd1 17. Rxd1 Bd6 18. Ne4 Nxe4 19. Qxe4 Rd8 20. Rd3 h6 21. Qg4 Bh2+ 22. Kf1 Rxd3 23. cxd3 Be5 24. d4 Bf6 25. Ke2 Nd5 26. Bxd5 cxd5 27. Kd2 Qa5+ 28. Kd1 Qa4+ 29. Kc1 Kd7 30. Qe2 Bxd4 31. Bxd4 Qxd4 32. Qb5+ Kc7 33. Qa5+ Kc6 34. Qd8 Qf4+ 35. Kb1 Qxf2 36. Qe8+ Kd6 37. Qf8+ Ke5 38. Qxg7+ Qf6 39. Qg3+ Qf4 40. Qg7+ Ke4 41. Qh7+ Ke3 42. Qg7 d4 43. g3 Qg5 44. Qf8 Ke2 45. Qb4 Qf5+ 46. Ka2 Qd5+ 47. Kb1 d3 48. Qg4+ Qf3 49. Qc4 Kf2 50. Qd4+ Kg2 51. Qc3 Qe2 52. Kc1 d2+ 0-1

[Event "Hannover-ch U14"]
[Site "Lehrte"]
[Date "2008.10.13"]
[Round "5"]
[White "Almeev, Timur"]
[Black "Kopanski, Lorenz"]
[Result "0-1"]
[WhiteElo "1267"]
[BlackElo "1467"]
[PlyCount "46"]
[EventDate "2008.10.11"]
[EventType "swiss"]
[EventRounds "7"]
[EventCountry "GER"]
[SourceTitle "EXT 2021"]
[Source "ChessBase"]
[SourceDate "2020.10.23"]
[SourceVersion "1"]
[SourceVersionDate "2020.10.23"]
[SourceQuality "1"]

1. e4 e5 2. Nf3 Nc6 3. Bb5 a6 4. Ba4 b5 5. Bb3 Nf6 6. 0-0 Bc5 7. c3 Bb6 8. d4 exd4 9. cxd4 0-0 10. Bg5 h6 11. Bxf6 Qxf6 12. e5 Qf4 13. g3 Qg4 14. d5 Nd4 15. Nxd4 Qxd4 16. Qxd4 Bxd4 17. Nc3 Bxe5 18. Rac1 Bb7 19. f4 Bd4+ 20. Kg2 Bb6 21. Rfd1 Rfe8 22. Kh3 d6 23. a4 b4 0-1

[Event "Lippe Cup 05th"]
[Site "Lieme"]
[Date "2008.09.28"]
[Round "5"]
[White "Hagedorn, Florian"]
[Black "Kopanski, Lorenz"]
[Result "0-1"]
[WhiteElo "1573"]
[BlackElo "1536"]
[PlyCount "140"]
[EventDate "2008.09.26"]
[EventType "swiss"]
[EventRounds "5"]
[EventCountry "GER"]
[SourceTitle "EXT 2012"]
[Source "ChessBase"]
[SourceDate "2011.11.24"]
[SourceVersion "1"]
[SourceVersionDate "2011.11.24"]
[SourceQuality "1"]

1. e4 e5 2. Nf3 Nc6 3. Bc4 Nf6 4. Nc3 Nxe4 5. Bxf7+ Kxf7 6. Nxe4 d5 7. Ng3 Bc5 8. d3 h6 9. 0-0 Re8 10. Nd2 Kg8 11. Nb3 Bb6 12. Kh1 Rf8 13. Qh5 Qd6 14. Qe2 a5 15. a4 Bd7 16. Be3 d4 17. Bd2 Bf5 18. Ne4 Bxe4 19. Qxe4 Qf6 20. Nc5 Bxc5 21. Qd5+ Rf7 22. Qxc5 Qe6 23. Rae1 Raf8 24. Kg1 b6 25. Qb5 Rf5 26. c4 Qf6 27. Qd5+ Kh8 28. f3 Rd8 29. Qe4 Qe6 30. f4 Rdf8 31. g4 R5f7 32. f5 Qf6 33. Rf3 Qd6 34. Rh3 Kg8 35. Rf1 Qd7 36. Rff3 Rf6 37. Rh5 R6f7 38. Rfh3 Rf6 39. Bxh6 Rxh6 40. Rxh6 gxh6 41. Rxh6 Nd8 42. f6 Qf7 43. g5 Ne6 44. Rg6+ Kh8 45. Qh4+ Qh7 46. Rh6 Nxg5 47. Rxh7+ Nxh7 48. Qh5 Rxf6 49. Qxe5 c5 50. Kg2 Kg7 51. h4 Kh6 52. Kg3 Rg6+ 53. Kf4 Rf6+ 54. Ke4 Kg6 55. Qe8+ Kg7 56. Ke5 Rf7 57. Qxf7+ Kxf7 58. Kd6 Nf8 59. Kc6 Ke6 60. Kxb6 Nd7+ 61. Kxa5 Ne5 62. Kb5 Nxd3 63. a5 Nb4 64. Kxc5 d3 65. Kxb4 d2 66. Kb5 d1Q 67. c5 Kd7 68. c6+ Kc7 69. a6 Qd8 70. h5 Qb8+ 0-1

[Event "Niedersachsen-ch U12"]
[Site "Rotenburg"]
[Date "2008.03.18"]
[Round "6"]
[White "Kopanski, Lorenz"]
[Black "Kyas, Philipp"]
[Result "0-1"]
[WhiteElo "1319"]
[BlackElo "1822"]
[PlyCount "36"]
[EventDate "2008.03.15"]
[EventType "swiss"]
[EventRounds "11"]
[EventCountry "GER"]
[SourceTitle "EXT 2009"]
[Source "ChessBase"]
[SourceDate "2008.11.26"]
[SourceVersion "1"]
[SourceVersionDate "2008.11.26"]
[SourceQuality "1"]

1. e4 c5 2. Nf3 e6 3. d4 cxd4 4. Nxd4 Nf6 5. Nc3 Bb4 6. Ndb5 Nc6 7. a3 Bxc3+ 8. Nxc3 d5 9. exd5 Nxd5 10. Nxd5 exd5 11. Bb5 Qa5+ 12. Qd2 Qxb5 13. b3 0-0 14. Bb2 Re8+ 15. Kd1 Bf5 16. Qc3 Qe2+ 17. Kc1 d4 18. Qd2 Re6 0-1

[Event "Niedersachsen-ch U12"]
[Site "Rotenburg"]
[Date "2008.03.17"]
[Round "4"]
[White "Michalik, Marina"]
[Black "Kopanski, Lorenz"]
[Result "0-1"]
[WhiteElo "1188"]
[BlackElo "1319"]
[PlyCount "76"]
[EventDate "2008.03.15"]
[EventType "swiss"]
[EventRounds "11"]
[EventCountry "GER"]
[SourceTitle "EXT 2009"]
[Source "ChessBase"]
[SourceDate "2008.11.26"]
[SourceVersion "1"]
[SourceVersionDate "2008.11.26"]
[SourceQuality "1"]

1. e4 e5 2. Nf3 Nc6 3. d4 exd4 4. Nxd4 Bc5 5. Be3 Bb6 6. c3 d6 7. Bc4 Nf6 8. f3 0-0 9. 0-0 Bd7 10. Nd2 Qe7 11. N2b3 d5 12. Bd3 dxe4 13. fxe4 Nxe4 14. Qc2 Nf6 15. Bg5 h6 16. Bxf6 gxf6 17. Kh1 Nxd4 18. Nxd4 Qe5 19. Rae1 Qd6 20. Re4 c5 21. Ne2 Bc7 22. Ng3 Rfe8 23. Rh4 Kf8 24. Bf5 Be6 25. Rxh6 Ke7 26. Bxe6 Qxe6 27. Nf5+ Kd7 28. Qd2+ Bd6 29. Ng7 Qe5 30. Nxe8 Rxe8 31. Kg1 Re6 32. Rh7 Ke7 33. Qd1 Qe2 34. Qxe2 Rxe2 35. Rf2 Re6 36. Rh8 c4 37. Ra8 Bc5 38. Rc8 Re1# 0-1

[Event "Hannover-ch U12"]
[Site "Bueckeburg"]
[Date "2007.11.01"]
[Round "2"]
[White "Kopanski, Lorenz"]
[Black "Barnewitz, Max Otto"]
[Result "1-0"]
[WhiteElo "1280"]
[BlackElo "726"]
[PlyCount "175"]
[EventDate "2007.11.01"]
[EventType "swiss"]
[EventRounds "7"]
[EventCountry "GER"]
[SourceTitle "EXT 2021"]
[Source "ChessBase"]
[SourceDate "2020.10.23"]
[SourceVersion "1"]
[SourceVersionDate "2020.10.23"]
[SourceQuality "1"]

1. a3 e5 2. e4 Bc5 3. Nf3 Nc6 4. Bc4 Nf6 5. d3 Ng4 6. 0-0 Nxf2 7. Rxf2 Bxf2+ 8. Kxf2 0-0 9. Bg5 Qe8 10. h4 d6 11. h5 h6 12. Be3 Bg4 13. Qh1 Bxf3 14. gxf3 a6 15. Qg2 Kh7 16. Nd2 b5 17. Rg1 Rg8 18. Bd5 Rc8 19. Nf1 Ne7 20. Ba2 Qf8 21. Bd2 Nc6 22. Ne3 Ne7 23. Nd5 Nxd5 24. Bxd5 c6 25. Ba2 Rc7 26. Ke2 Rd7 27. Kd1 d5 28. Kc1 dxe4 29. fxe4 c5 30. Bc3 Re7 31. Qf2 b4 32. axb4 cxb4 33. Bxb4 Qe8 34. Bxe7 Qxe7 35. Qf5+ g6 36. hxg6+ fxg6 37. Qf7+ Rg7 38. Qxe7 Rxe7 39. Bc4 a5 40. Rf1 h5 41. Rf2 h4 42. Kd1 g5 43. Ke1 g4 44. Kf1 g3 45. Rf7+ Rxf7+ 46. Bxf7 h3 47. Be6 h2 48. Kg2 Kh6 49. c4 Kg7 50. c5 Kf8 51. c6 Ke7 52. c7 Kxe6 53. c8Q+ Ke7 54. Qc5+ Ke6 55. Qd5+ Kf6 56. Qd6+ Kg5 57. Qxe5+ Kg6 58. d4 h1Q+ 59. Kxh1 g2+ 60. Kg1 a4 61. Qf5+ Kh6 62. d5 a3 63. b4 a2 64. Qf6+ Kh5 65. d6 Kg4 66. d7 a1Q+ 67. Qxa1 Kf4 68. d8N Kxe4 69. b5 Kd5 70. b6 Kd6 71. Nf7+ Kc6 72. Qf6+ Kb7 73. Nd8+ Kc8 74. b7+ Kb8 75. Qd6+ Ka7 76. b8B+ Ka8 77. Ne6 Kb7 78. Qc7+ Ka6 79. Ba7 Kb5 80. Nd4+ Kb4 81. Qc5+ Ka4 82. Qb5+ Ka3 83. Bc5+ Ka2 84. Qb4 Ka1 85. Ne2 Ka2 86. Kxg2 Ka1 87. Bd4+ Ka2 88. Nc1# 1-0

[Event "Niedersachsen-chT U12"]
[Site "Stade"]
[Date "2007.05.20"]
[Round "7.3"]
[White "Kopanski, Lorenz"]
[Black "Hapke, Moritz"]
[Result "1-0"]
[WhiteElo "1215"]
[BlackElo "905"]
[PlyCount "93"]
[EventDate "2007.05.17"]
[EventType "team-tourn"]
[EventRounds "7"]
[EventCountry "GER"]
[SourceTitle "EXT 2008"]
[Source "ChessBase"]
[SourceDate "2007.11.25"]
[SourceVersion "1"]
[SourceVersionDate "2007.11.25"]
[SourceQuality "1"]

1. e4 e5 2. Nf3 Nc6 3. Bc4 Bc5 4. c3 Nf6 5. d3 0-0 6. Nbd2 d5 7. exd5 Nxd5 8. 0-0 Bg4 9. Re1 Nf4 10. Nf1 Bxf3 11. Qxf3 Qd7 12. Bxf4 exf4 13. Qxf4 Rae8 14. Ng3 Bd6 15. Qf5 Rxe1+ 16. Rxe1 Qxf5 17. Nxf5 g6 18. Nxd6 cxd6 19. Bd5 Kg7 20. Bxc6 bxc6 21. Re7 Rb8 22. b3 a5 23. Ra7 Re8 24. Kf1 Re5 25. Ra6 Rc5 26. c4 d5 27. Ke2 Kf6 28. Ke3 Ke5 29. d4+ Kd6 30. dxc5+ Kxc5 31. Rxa5+ Kb4 32. Ra7 dxc4 33. bxc4 Kxc4 34. Kd2 Kb4 35. Rxf7 c5 36. Rxh7 c4 37. Rg7 c3+ 38. Kc2 Kc4 39. Rxg6 Kd4 40. h4 Kc4 41. h5 Kb4 42. h6 Kc4 43. h7 Kb5 44. h8Q Kc5 45. Qh5+ Kb4 46. Rg4+ Ka3 47. Qa5# 1-0

[Event "Niedersachsen-chT U12"]
[Site "Stade"]
[Date "2007.05.19"]
[Round "6.3"]
[White "Schmidt, Dominik"]
[Black "Kopanski, Lorenz"]
[Result "0-1"]
[WhiteElo "770"]
[BlackElo "1215"]
[PlyCount "78"]
[EventDate "2007.05.17"]
[EventType "team-tourn"]
[EventRounds "7"]
[EventCountry "GER"]
[SourceTitle "EXT 2008"]
[Source "ChessBase"]
[SourceDate "2007.11.25"]
[SourceVersion "1"]
[SourceVersionDate "2007.11.25"]
[SourceQuality "1"]

1. c4 Nf6 2. Nc3 g6 3. g3 Bg7 4. Bg2 0-0 5. e3 Nc6 6. Nge2 d6 7. 0-0 e5 8. b3 Bf5 9. Bb2 Nb4 10. Nd5 Nfxd5 11. cxd5 Nd3 12. Bc3 b5 13. Ba5 Qc8 14. a3 Qa6 15. b4 Rac8 16. f4 exf4 17. Nxf4 Bxa1 18. Qxa1 Ne5 19. e4 Bg4 20. h3 Bd7 21. d4 Nc4 22. e5 Nxa5 23. bxa5 Qxa5 24. exd6 cxd6 25. h4 Rc3 26. Rf3 Rxf3 27. Bxf3 Re8 28. Kh2 Qd2+ 29. Bg2 Bg4 30. Qf1 a6 31. Qg1 Re1 32. Qxe1 Qxe1 33. Nh3 Qd2 34. Nf4 Bf3 35. Kh3 Bxg2+ 36. Nxg2 f5 37. Nf4 Qd1 38. Kh2 Qxd4 39. Kg2 Kf7 0-1

[Event "Niedersachsen-ch U12"]
[Site "Rotenburg/Wuemme"]
[Date "2007.04.05"]
[Round "9"]
[White "Kopanski, Lorenz"]
[Black "Bounine, Daniel"]
[Result "1/2-1/2"]
[WhiteElo "1165"]
[BlackElo "1302"]
[PlyCount "90"]
[EventDate "2007.03.31"]
[EventType "swiss"]
[EventRounds "11"]
[EventCountry "GER"]
[SourceTitle "EXT 2008"]
[Source "ChessBase"]
[SourceDate "2007.11.25"]
[SourceVersion "1"]
[SourceVersionDate "2007.11.25"]
[SourceQuality "1"]

1. e4 c5 2. Nf3 Nc6 3. d4 cxd4 4. Nxd4 Nf6 5. Nc3 e6 6. Ndb5 Bb4 7. a3 Bxc3+ 8. Nxc3 d5 9. exd5 exd5 10. Bg5 Be6 11. Be2 0-0 12. 0-0 Re8 13. Bf3 Qe7 14. Nxd5 Bxd5 15. Bxd5 Rad8 16. c4 Qe5 17. Bxf6 Qxf6 18. Qf3 Qxf3 19. Bxf3 h6 20. Rfe1 Kf8 21. Kf1 Rd4 22. Rxe8+ Kxe8 23. Re1+ Kf8 24. Bxc6 bxc6 25. Rc1 Rd2 26. b4 Ra2 27. Rc3 a6 28. Re3 Rc2 29. c5 a5 30. h3 Rc4 31. Rd3 axb4 32. axb4 Rxb4 33. Rd6 Ke7 34. Rxc6 Kd7 35. Rb6 Rxb6 36. cxb6 Kc6 37. Ke2 Kxb6 38. Kf3 Kc6 39. Ke4 Kd6 40. h4 Ke6 41. g4 g6 42. g5 f5+ 43. Kf4 h5 44. Ke3 Kd5 45. f4 Kc5 1/2-1/2

[Event "Niedersachsen-ch U12"]
[Site "Rotenburg/Wuemme"]
[Date "2007.04.04"]
[Round "7"]
[White "Neumann, Florian"]
[Black "Kopanski, Lorenz"]
[Result "0-1"]
[WhiteElo "1068"]
[BlackElo "1165"]
[PlyCount "40"]
[EventDate "2007.03.31"]
[EventType "swiss"]
[EventRounds "11"]
[EventCountry "GER"]
[SourceTitle "EXT 2008"]
[Source "ChessBase"]
[SourceDate "2007.11.25"]
[SourceVersion "1"]
[SourceVersionDate "2007.11.25"]
[SourceQuality "1"]

1. e4 e5 2. Nf3 Nc6 3. d4 exd4 4. Bc4 Nf6 5. e5 Ng4 6. Nxd4 Ngxe5 7. Nxc6 dxc6 8. Qh5 Nxc4 9. Qe2+ Be6 10. 0-0 Qf6 11. Re1 0-0-0 12. Nc3 Bb4 13. Ne4 Qe5 14. f4 Qd4+ 15. Kh1 Bxe1 16. Qxe1 Qd1 17. Be3 Qxe1+ 18. Rxe1 Nxe3 19. Rg1 Ng4 20. Nc3 Nf2# 0-1

[Event "Niedersachsen-ch U12"]
[Site "Rotenburg/Wuemme"]
[Date "2007.04.03"]
[Round "5"]
[White "Thielen, Laurens"]
[Black "Kopanski, Lorenz"]
[Result "1-0"]
[WhiteElo "1106"]
[BlackElo "1165"]
[PlyCount "115"]
[EventDate "2007.03.31"]
[EventType "swiss"]
[EventRounds "11"]
[EventCountry "GER"]
[SourceTitle "EXT 2008"]
[Source "ChessBase"]
[SourceDate "2007.11.25"]
[SourceVersion "1"]
[SourceVersionDate "2007.11.25"]
[SourceQuality "1"]

1. e4 e5 2. Nf3 Nc6 3. Bc4 Nf6 4. Nc3 Nxe4 5. Nxe4 d5 6. Bd3 f5 7. Nc3 e4 8. Bb5 exf3 9. Qxf3 a6 10. Bxc6+ bxc6 11. 0-0 Be7 12. Qh5+ g6 13. Qh6 Bg5 14. Re1+ Kf7 15. Qh3 f4 16. Qf3 Re8 17. Re2 h5 18. d4 Bg4 19. Rxe8 Qxe8 20. Qd3 Bf5 21. Qd1 Bxc2 22. Qf1 Qe6 23. Bd2 Qf5 24. Qe1 Re8 25. Qc1 Bd3 26. h3 Bf6 27. Bxf4 Bxd4 28. Be3 Bxe3 29. fxe3 Qe5 30. Kf2 h4 31. Ne2 d4 32. Nxd4 Qg3+ 33. Kg1 Be4 34. Qf1+ Kg7 35. Qf2 Qxf2+ 36. Kxf2 Rf8+ 37. Kg1 Kh6 38. Ne6 Rf5 39. Rd1 Bd5 40. Nxc7 Bxa2 41. Nxa6 Bd5 42. Nb4 Be4 43. Rd4 Bxg2 44. Kxg2 Rg5+ 45. Rg4 Rxg4+ 46. hxg4 Kg5 47. Kh3 c5 48. Nd5 c4 49. e4 Kh6 50. e5 g5 51. Nb6 Kg6 52. Nxc4 Kf7 53. b4 Ke6 54. b5 Kd5 55. b6 Kc6 56. e6 Kb7 57. e7 Ka6 58. e8Q 1-0